serun
ՀԱՅ ԳԻՐՔ = Armenian Book

Moderato cantabile : (Record no. 166131)

000 -LEADER
fixed length control field nam a22 a 4500
003 - CONTROL NUMBER IDENTIFIER
control field AM-YeNLA
005 - DATE AND TIME OF LATEST TRANSACTION
control field 20260406144448.0
007 - PHYSICAL DESCRIPTION FIXED FIELD--GENERAL INFORMATION
fixed length control field ta
008 - FIXED-LENGTH DATA ELEMENTS--GENERAL INFORMATION
fixed length control field 260406s2025 ai ||||gr|||||000|0|arm||
020 ## - INTERNATIONAL STANDARD BOOK NUMBER
International Standard Book Number 978-9939-966-36-6
040 ## - CATALOGING SOURCE
Language of cataloging arm
Transcribing agency AM-YeNLA
041 1# - LANGUAGE CODE
Language code of text/sound track or separate title arm
Language code of original fre
100 1# - MAIN ENTRY--PERSONAL NAME
Personal name Դյուրաս, Մարգրիտ
245 10 - TITLE STATEMENT
Title Moderato cantabile :
Remainder of title Վեպ : [Երկլեզու] /
Statement of responsibility, etc. Մ. Դյուրաս ; Թարգմ. ֆրանսերենից՝ Լ. Աբգարյանի ; [Խմբ.՝ Գ. Մկրտչյան].
260 ## - PUBLICATION, DISTRIBUTION, ETC. (IMPRINT)
Place of publication, distribution, etc. Երևան :
Name of publisher, distributor, etc. Ակտուալ արվեստ,
Date of publication, distribution, etc. 2025.
300 ## - PHYSICAL DESCRIPTION
Extent 140 Էջ :
Other physical details նկ. ;
Dimensions 20 սմ.
546 ## - LANGUAGE NOTE
Language note Բնագիրը՝ զուգ. հայ. և ֆրանս.։
650 14 - SUBJECT ADDED ENTRY--TOPICAL TERM
Topical term or geographic name as entry element Ֆրանսիական արձակ
Chronological subdivision 20-րդ դար
700 1# - ADDED ENTRY--PERSONAL NAME
Personal name Աբգարյան, Լուսինե
Relator term թարգմ.
Relator code trl
700 1# - ADDED ENTRY--PERSONAL NAME
Personal name Մկրտչյան, Գայանե
Relator term խմբ.
Relator code edt
942 ## - ADDED ENTRY ELEMENTS (KOHA)
Source of classification or shelving scheme
Koha item type Books
Holdings
Withdrawn status Lost status Source of classification or shelving scheme Damaged status Not for loan Permanent Location Current Location Date acquired Inventory number Date last seen Price effective from Koha item type
          National Library of Armenia National Library of Armenia 2026-04-06 ՀԱԳ 2026-04-06 2026-04-06 Books

Հայաստանի ազգային գրադարան ՀՀ, 0009,Երևան, Տերյան 72
Հետադարձ կապ